[Event "Olympiad"]
[Site "Calvia ESP"]
[Date "2004.10.17"]
[Round "3"]
[White "Guseinov, Gadir"]
[Black "Teplitsky, Yan"]
[Result "1/2-1/2"]
[WhiteElo "2552"]
[BlackElo "2435"]
[PlyCount "140"]
[GameId "2129405123734913"]
[EventDate "2004.10.15"]
[EventType "team"]
[EventRounds "14"]
[EventCountry "ESP"]
[SourceTitle "The Week in Chess 520"]
[Source "Mark Crowther"]
[SourceDate "2004.10.25"]
[SourceVersion "1"]
[SourceVersionDate "2004.10.25"]
[SourceQuality "2"]

1. e4 c5 2. Nf3 d6 3. d4 cxd4 4. Nxd4 Nf6 5. Nc3 Nc6 6. Bg5 Qb6 7. Nb3 e6 8. g3 a6 9. Bg2 Be7 10. O-O Ne5 11. Qe2 Bd7 12. Kh1 h6 13. Be3 Qc7 14. Rae1 Nc4 15. Bc1 O-O 16. f4 Rac8 17. g4 Nh7 18. Rf3 b5 19. Nd1 e5 20. f5 Bc6 21. Nc3 Bg5 22. Qd1 b4 23. Nd5 Bxd5 24. exd5 e4 25. Rh3 Rfe8 26. c3 Bxc1 27. Qxc1 Ne5 28. Rf1 Nd3 29. Qe3 bxc3 30. bxc3 Qxc3 31. Nd2 Qb4 32. a3 Qb2 33. Nxe4 Nc5 34. Qc3 Qxc3 35. Nxc3 Rb8 36. Rg3 Rb3 37. Ne4 Rxg3 38. Nxg3 Nf6 39. Rb1 Nxg4 40. Rb6 Re1+ 41. Nf1 Ne3 42. Kg1 Nd3 43. Rb3 Nxg2 44. Kxg2 Nf4+ 45. Kf2 Re5 46. Rb8+ Kh7 47. Ra8 Nd3+ 48. Kf3 Rxf5+ 49. Ke4 Rxf1 50. Kxd3 Rf3+ 51. Ke4 Rxa3 52. Rd8 Kg6 53. Rxd6+ f6 54. Kd4 Kf5 55. Re6 Ra2 56. h3 a5 57. Re1 a4 58. Kc3 Ra3+ 59. Kc4 Rb3 60. d6 Rb8 61. Kd5 a3 62. d7 a2 63. Ra1 Rb2 64. Rf1+ Kg6 65. Ke6 Re2+ 66. Kd6 Rd2+ 67. Ke7 Re2+ 68. Kf8 Rd2 69. Ke7 Re2+ 70. Kf8 Rd2 1/2-1/2

[Event "Olympiad"]
[Site "Calvia ESP"]
[Date "2004.10.19"]
[Round "5"]
[White "Senador, Emmanuel"]
[Black "Teplitsky, Yan"]
[Result "0-1"]
[WhiteElo "2432"]
[BlackElo "2435"]
[PlyCount "94"]
[GameId "2129405123735541"]
[EventDate "2004.10.15"]
[EventType "team"]
[EventRounds "14"]
[EventCountry "ESP"]
[SourceTitle "The Week in Chess 520"]
[Source "Mark Crowther"]
[SourceDate "2004.10.25"]
[SourceVersion "1"]
[SourceVersionDate "2004.10.25"]
[SourceQuality "2"]

1. e4 c5 2. c3 d5 3. exd5 Qxd5 4. d4 Nf6 5. Nf3 Bg4 6. Be2 e6 7. Be3 cxd4 8. cxd4 Nc6 9. Nc3 Qd6 10. h3 Bh5 11. O-O Be7 12. a3 O-O 13. Qb3 a6 14. Rfd1 Rfd8 15. Rac1 b5 16. d5 Na5 17. Qa2 Nxd5 18. Nxd5 exd5 19. Bc5 Qf6 20. Rxd5 Bxf3 21. Bxf3 Nc4 22. b3 Ne5 23. Rxe5 Qxe5 24. Bxe7 Rac8 25. Rf1 Qxe7 26. a4 g6 27. axb5 axb5 28. Qa5 Qc5 29. Be2 Rb8 30. b4 Qe5 31. Bf3 Rd2 32. Qa7 Rc8 33. g3 Rcc2 34. Bc6 Rb2 35. Kg2 Rxb4 36. Qa8+ Kg7 37. Qa7 Rbb2 38. h4 h5 39. Bf3 b4 40. Qb6 b3 41. Bd1 Qd5+ 42. Bf3 Qd4 43. Qxd4+ Rxd4 44. Re1 Rdd2 45. Rf1 Rbc2 46. Bd1 Rc3 47. Bf3 b2 0-1

[Event "Olympiad"]
[Site "Calvia ESP"]
[Date "2004.10.20"]
[Round "6"]
[White "Sargissian, Gabriel"]
[Black "Teplitsky, Yan"]
[Result "1-0"]
[WhiteElo "2611"]
[BlackElo "2435"]
[PlyCount "85"]
[GameId "2129405123731709"]
[EventDate "2004.10.15"]
[EventType "team"]
[EventRounds "14"]
[EventCountry "ESP"]
[SourceTitle "The Week in Chess 520"]
[Source "Mark Crowther"]
[SourceDate "2004.10.25"]
[SourceVersion "1"]
[SourceVersionDate "2004.10.25"]
[SourceQuality "2"]

1. d4 Nf6 2. c4 e6 3. Nc3 Bb4 4. e3 c5 5. Nge2 cxd4 6. exd4 O-O 7. a3 Be7 8. Nf4 d5 9. cxd5 Nxd5 10. Ncxd5 exd5 11. Bd3 Nc6 12. O-O Bg5 13. Re1 Qd6 14. g3 Bd7 15. h4 Bf6 16. Be3 Ne7 17. Nh5 Nf5 18. Qf3 Nxe3 19. Nxf6+ Qxf6 20. Qxf6 gxf6 21. fxe3 Rfe8 22. Rac1 Rac8 23. Kf2 Bg4 24. b4 Red8 25. Rc5 b6 26. Rcc1 a5 27. Ba6 Ra8 28. b5 Rd6 29. Bb7 Rb8 30. Rc7 Kf8 31. Rec1 Bd7 32. a4 Kg7 33. Kf3 Kg6 34. R7c6 Re6 35. Rxe6 fxe6 36. Rc7 Be8 37. Kf4 Bf7 38. g4 e5+ 39. Kf3 Be6 40. Re7 Bg8 41. Bc6 exd4 42. Be8+ Kh6 43. exd4 1-0

[Event "Olympiad"]
[Site "Calvia ESP"]
[Date "2004.10.22"]
[Round "7"]
[White "Teplitsky, Yan"]
[Black "Dizdar, Goran"]
[Result "1/2-1/2"]
[WhiteElo "2435"]
[BlackElo "2535"]
[PlyCount "211"]
[GameId "2129405123731986"]
[EventDate "2004.10.15"]
[EventType "team"]
[EventRounds "14"]
[EventCountry "ESP"]
[SourceTitle "The Week in Chess 520"]
[Source "Mark Crowther"]
[SourceDate "2004.10.25"]
[SourceVersion "1"]
[SourceVersionDate "2004.10.25"]
[SourceQuality "2"]

1. e4 e6 2. d4 d5 3. Nc3 Bb4 4. exd5 exd5 5. Bd3 Nc6 6. a3 Ba5 7. Nge2 Nge7 8. O-O O-O 9. Na4 Bb6 10. c3 Bf5 11. Bxf5 Nxf5 12. Nf4 Qd7 13. Nd3 Rad8 14. Bf4 Rfe8 15. Qb3 Na5 16. Qc2 Qb5 17. Nxb6 cxb6 18. a4 Qb3 19. Qxb3 Nxb3 20. Rae1 f6 21. Nb4 Rxe1 22. Rxe1 Kf7 23. f3 Ne7 24. Kf2 g5 25. Bg3 Nc6 26. Nd3 Rc8 27. h4 h6 28. hxg5 hxg5 29. Rh1 Kg7 30. Ke2 Nba5 31. Kd1 Nc4 32. Bf2 Re8 33. b3 N4a5 34. Nc1 a6 35. Re1 Rc8 36. Bg3 Kf7 37. Bd6 b5 38. axb5 axb5 39. Bc5 Rh8 40. Bb6 Ra8 41. Bc5 Ra6 42. Kc2 b6 43. Ba3 Nb7 44. Kb2 Ra8 45. Nd3 Nbd8 46. Bd6 Ne6 47. Ra1 Rxa1 48. Kxa1 Ke8 49. Kb2 Kd7 50. Ba3 Ng7 51. Kc2 Nf5 52. g4 Nh4 53. Ne1 b4 54. Bxb4 Nxb4+ 55. cxb4 Kc6 56. Kd3 Kb5 57. Kc3 Ng6 58. Nc2 Nh4 59. Ne3 Kc6 60. b5+ Kd6 61. Kd3 Nxf3 62. Nf5+ Ke6 63. Ng7+ Kf7 64. Nf5 Ke6 65. Ng7+ Kd7 66. Nf5 Nh4 67. Ne3 Ke6 68. Nc2 f5 69. gxf5+ Nxf5 70. Ke2 Nd6 71. Kf3 Ne4 72. Kg4 Kf6 73. Ne3 Nc3 74. Kh5 Nxb5 75. Nxd5+ Kf5 76. Nxb6 Nxd4 77. Nd5 Ne6 78. Ne7+ Kf6 79. Nd5+ Ke5 80. Ne3 Kf4 81. Nd5+ Kf5 82. Ne7+ Kf6 83. Nd5+ Ke5 84. Ne3 Ke4 85. Ng4 Kf4 86. Nh6 Ng7+ 87. Kg6 Ne8 88. b4 Nc7 89. Kh5 Nb5 90. Kg6 Nd4 91. Kf6 Ne2 92. Kg6 Nc3 93. Kh5 Nb5 94. Kg6 Nd6 95. Kf6 Ne4+ 96. Kg6 Nd6 97. Kf6 Nb5 98. Kg6 Nd4 99. Kf6 Ne2 100. Kg6 Nc3 101. Kh5 Nb5 102. Kg6 Nc7 103. Kh5 Nb5 104. Kg6 Nc7 105. Kh5 Nb5 106. Kg6 1/2-1/2

[Event "Olympiad"]
[Site "Calvia ESP"]
[Date "2004.10.24"]
[Round "9"]
[White "Cordova, Emilio"]
[Black "Teplitsky, Yan"]
[Result "0-1"]
[WhiteElo "2347"]
[BlackElo "2435"]
[PlyCount "82"]
[GameId "2129405123732304"]
[EventDate "2004.10.15"]
[EventType "team"]
[EventRounds "14"]
[EventCountry "ESP"]
[SourceTitle "The Week in Chess 521"]
[Source "Mark Crowther"]
[SourceDate "2004.11.01"]
[SourceVersion "1"]
[SourceVersionDate "2004.11.01"]
[SourceQuality "2"]

1. d4 g6 2. Nf3 Bg7 3. c4 d6 4. g3 Nf6 5. Bg2 O-O 6. O-O Nc6 7. Nc3 Bf5 8. d5 Na5 9. Nd2 c6 10. h3 cxd5 11. cxd5 Rc8 12. Nb3 Nc4 13. Nd4 Bd7 14. b3 Qa5 15. bxc4 Qxc3 16. Be3 Qxc4 17. Nb3 Ne4 18. Na5 Qb4 19. Qb1 Qxa5 20. Qxe4 Bxa1 21. Rxa1 Rfe8 22. Qh4 Qc3 23. Rc1 Qf6 24. Rxc8 Rxc8 25. Qb4 Qa1+ 26. Kh2 b6 27. Qa3 Rc7 28. Bg5 Qe5 29. Be3 Qc3 30. Qa6 Qc4 31. Qa3 Qxe2 32. Qb3 Qc4 33. Qb2 Bf5 34. Bd4 Qc2 35. Qb5 Bd7 36. Qf1 Qxa2 37. Qe1 Bb5 38. Qe3 Qe2 39. Qh6 f6 40. h4 Bd7 41. Be3 Rc4 0-1

[Event "Olympiad"]
[Site "Calvia ESP"]
[Date "2004.10.27"]
[Round "12"]
[White "Teplitsky, Yan"]
[Black "Antoms, Guntars"]
[Result "1/2-1/2"]
[WhiteElo "2435"]
[BlackElo "2461"]
[PlyCount "65"]
[GameId "2129405123794702"]
[EventDate "2004.10.15"]
[EventType "team"]
[EventRounds "14"]
[EventCountry "ESP"]
[SourceTitle "The Week in Chess 521"]
[Source "Mark Crowther"]
[SourceDate "2004.11.01"]
[SourceVersion "1"]
[SourceVersionDate "2004.11.01"]
[SourceQuality "2"]

1. Nf3 g6 2. d4 Nf6 3. c4 Bg7 4. Nc3 O-O 5. e4 d6 6. Be2 Bg4 7. Be3 Nfd7 8. Rc1 e5 9. d5 a5 10. h3 Bxf3 11. Bxf3 f5 12. h4 Na6 13. h5 Nac5 14. Qe2 b6 15. hxg6 hxg6 16. Rh3 Nf6 17. Bg5 Qd7 18. Bxf6 Bxf6 19. Rg3 Kf7 20. exf5 gxf5 21. Bh5+ Ke7 22. Kd2 Rg8 23. Bg6 Rh8 24. Qf3 f4 25. Rh3 Rxh3 26. Qxh3 Qxh3 27. gxh3 Bh4 28. Rf1 Kf6 29. Be4 Rg8 30. Bf3 Rg7 31. Ne4+ Nxe4+ 32. Bxe4 Rg8 33. Ke2 1/2-1/2

[Event "Olympiad"]
[Site "Calvia ESP"]
[Date "2004.10.29"]
[Round "14"]
[White "Teplitsky, Yan"]
[Black "Nguyen Van Huy"]
[Result "1-0"]
[WhiteElo "2435"]
[BlackElo "2325"]
[PlyCount "55"]
[GameId "2129405123795211"]
[EventDate "2004.10.15"]
[EventType "team"]
[EventRounds "14"]
[EventCountry "ESP"]
[SourceTitle "The Week in Chess 521"]
[Source "Mark Crowther"]
[SourceDate "2004.11.01"]
[SourceVersion "1"]
[SourceVersionDate "2004.11.01"]
[SourceQuality "2"]

1. Nf3 Nf6 2. c4 g6 3. Nc3 Bg7 4. e4 d6 5. d4 O-O 6. Be2 e5 7. d5 a5 8. h4 Na6 9. Nd2 h5 10. Nf1 c6 11. f3 Bd7 12. Be3 Qb8 13. g4 Nc7 14. Ng3 b5 15. dxc6 Bxc6 16. gxh5 bxc4 17. hxg6 d5 18. Nf5 Qxb2 19. Ne7+ Kh8 20. Nxc6 Qxc3+ 21. Bd2 Qa3 22. h5 dxe4 23. Qc1 Qxc1+ 24. Rxc1 exf3 25. h6 fxe2 26. hxg7+ Kxg7 27. Bh6+ Kxg6 28. Ne7+ 1-0

[Event "Buenos Aires Intercoop"]
[Site "Buenos Aires ARG"]
[Date "1999.??.??"]
[Round "?"]
[White "Oviedo, Manuel"]
[Black "Teplitsky, Yan"]
[Result "0-1"]
[WhiteElo "2018"]
[BlackElo "2439"]
[PlyCount "22"]
[GameId "2129405161410205"]
[EventDate "1999.08.??"]
[EventType "team"]
[EventRounds "6"]
[EventCountry "ARG"]
[SourceTitle "EXT 2002"]
[Source "ChessBase"]
[SourceDate "2001.11.25"]
[SourceVersion "1"]
[SourceVersionDate "2001.11.25"]
[SourceQuality "1"]

1. e4 c5 2. Nf3 d6 3. d4 cxd4 4. Nxd4 Nf6 5. Nc3 g6 6. f4 Bg7 7. e5 Bg4 8. exf6 Bxd1 9. fxg7 Rg8 10. Kxd1 Rxg7 11. Bb5+ Nd7 0-1

[Event "Czerniak mem"]
[Site "Tel Aviv ISR"]
[Date "1994.??.??"]
[Round "2"]
[White "Serebrjanik, Aleksandar"]
[Black "Teplitsky, Yan"]
[Result "1/2-1/2"]
[WhiteElo "2420"]
[BlackElo "2425"]
[PlyCount "28"]
[GameId "2129405189586850"]
[EventDate "1994.??.??"]
[EventType "tourn"]
[EventRounds "11"]
[EventCountry "ISR"]
[EventCategory "4"]
[SourceTitle "EXT 94"]

1. d4 Nf6 2. c4 g6 3. Nc3 Bg7 4. e4 d6 5. Be2 O-O 6. Nf3 e5 7. dxe5 dxe5 8. Qxd8 Rxd8 9. Bg5 Re8 10. Nd5 Nxd5 11. cxd5 c6 12. Bc4 cxd5 13. Bxd5 Na6 14. a3 Nc7 1/2-1/2

[Event "Czerniak mem"]
[Site "Tel Aviv ISR"]
[Date "1994.??.??"]
[Round "5"]
[White "Henderson, John B"]
[Black "Teplitsky, Yan"]
[Result "0-1"]
[WhiteElo "2185"]
[BlackElo "2425"]
[PlyCount "88"]
[GameId "2129405189586867"]
[EventDate "1994.??.??"]
[EventType "tourn"]
[EventRounds "11"]
[EventCountry "ISR"]
[EventCategory "4"]
[SourceTitle "EXT 94"]

1. d4 g6 2. e4 Bg7 3. Nc3 c6 4. Nf3 d5 5. h3 Nh6 6. Bd3 f6 7. O-O Nf7 8. Re1 O-O 9. Bf4 e5 10. Bg3 dxe4 11. Nxe4 f5 12. Bh4 Qc7 13. Neg5 Nxg5 14. Nxg5 h6 15. Bc4+ Kh8 16. Nf7+ Rxf7 17. Bxf7 Qxf7 18. dxe5 Be6 19. Qd8+ Qg8 20. Qc7 g5 21. Qxb7 Nd7 22. Bg3 f4 23. Bh2 Nxe5 24. Rad1 Bf5 25. Rd6 Re8 26. Kh1 Bxc2 27. f3 Nd3 28. Rxe8 Nf2+ 29. Kg1 Qxe8 30. Kxf2 Qe3+ 31. Kf1 Qc1+ 32. Ke2 Qe3+ 33. Kf1 Bd3+ 34. Rxd3 Qxd3+ 35. Ke1 Qe3+ 36. Kd1 Qd3+ 37. Ke1 Qc2 38. Qa8+ Kh7 39. Qxa7 Qb1+ 40. Ke2 Qxb2+ 41. Kf1 Qc1+ 42. Ke2 Qc2+ 43. Kf1 Qd1+ 44. Kf2 Kg6 0-1

[Event "Czerniak mem"]
[Site "Tel Aviv ISR"]
[Date "1994.??.??"]
[Round "7"]
[White "Malinarski, Yehuda"]
[Black "Teplitsky, Yan"]
[Result "0-1"]
[WhiteElo "2255"]
[BlackElo "2425"]
[PlyCount "98"]
[GameId "2129405189586882"]
[EventDate "1994.??.??"]
[EventType "tourn"]
[EventRounds "11"]
[EventCountry "ISR"]
[EventCategory "4"]
[SourceTitle "EXT 94"]

1. e4 c5 2. Nf3 d6 3. d4 cxd4 4. Nxd4 Nf6 5. Nc3 Nc6 6. Bg5 e6 7. Qd2 a6 8. O-O-O h6 9. Be3 Bd7 10. f3 b5 11. g4 Ne5 12. Bd3 b4 13. Nce2 d5 14. Ng3 Qc7 15. Nh5 Nxh5 16. gxh5 Nc4 17. Bxc4 dxc4 18. Ne2 c3 19. Qd3 Rc8 20. Bf4 cxb2+ 21. Kxb2 Qb7 22. Bd6 Bxd6 23. Qxd6 Qc7 24. Qxc7 Rxc7 25. Rhg1 Ba4 26. Rd2 Ke7 27. Rxg7 Rd8 28. Rxd8 Rxc2+ 29. Kb1 Kxd8 30. Nf4 Ke7 31. e5 Kf8 32. Rg2 Rc3 33. Rf2 Re3 34. Kb2 Rxe5 35. Nd3 Rb5 36. f4 a5 37. Ne5 Rd5 38. a3 Bd1 39. axb4 axb4 40. h4 b3 41. Kc3 Bc2 42. Rf1 f6 43. Ng4 Rxh5 44. Nxf6 Rxh4 45. Nd7+ Ke7 46. Ne5 Kf6 47. Nc6 Be4 48. Nd4 Bd5 49. Rf2 h5 0-1

[Event "Czerniak mem"]
[Site "Tel Aviv ISR"]
[Date "1994.??.??"]
[Round "9"]
[White "Grinshpun, Eduard"]
[Black "Teplitsky, Yan"]
[Result "1/2-1/2"]
[WhiteElo "2440"]
[BlackElo "2425"]
[PlyCount "21"]
[GameId "2129405189586891"]
[EventDate "1994.??.??"]
[EventType "tourn"]
[EventRounds "11"]
[EventCountry "ISR"]
[EventCategory "4"]
[SourceTitle "EXT 94"]

1. Nf3 g6 2. c4 Bg7 3. e4 d6 4. d4 Bg4 5. d5 Nf6 6. Nc3 O-O 7. Be2 a5 8. O-O Nfd7 9. Bg5 Nc5 10. h3 Bd7 11. Nd4 1/2-1/2

[Event "Czerniak mem"]
[Site "Tel Aviv ISR"]
[Date "1994.??.??"]
[Round "11"]
[White "Weisbuch, Udi"]
[Black "Teplitsky, Yan"]
[Result "0-1"]
[WhiteElo "2220"]
[BlackElo "2425"]
[PlyCount "80"]
[GameId "2129405189586906"]
[EventDate "1994.??.??"]
[EventType "tourn"]
[EventRounds "11"]
[EventCountry "ISR"]
[EventCategory "4"]
[SourceTitle "EXT 94"]

1. e4 c5 2. Nf3 e6 3. c3 Nf6 4. e5 Nd5 5. d4 cxd4 6. cxd4 Nc6 7. Nc3 Nxc3 8. bxc3 d5 9. Bd3 Be7 10. h4 Qc7 11. Ng5 Nxe5 12. Bb5+ Bd7 13. Bxd7+ Nxd7 14. Qf3 Nf6 15. O-O O-O 16. Rb1 b6 17. Bf4 Bd6 18. Nh3 Ne4 19. Bxd6 Qxd6 20. Rbd1 Rac8 21. Rd3 Rc7 22. Ng5 Nf6 23. Re1 h6 24. Nh3 Rfc8 25. g4 Ne4 26. Ree3 Qa3 27. g5 Rxc3 28. gxh6 Rxd3 29. h7+ Kh8 30. Rxd3 Qe7 31. Qh5 g6 32. Qg4 Kxh7 33. Ng5+ Kg7 34. Nxe4 dxe4 35. Qxe4 Rh8 36. d5 Rxh4 37. Qe3 Qb4 38. f3 exd5 39. Qe5+ Kh7 40. Qxd5 Qf4 0-1

[Event "Antwerp-ch U18"]
[Site "Antwerp BEL"]
[Date "1993.??.??"]
[Round "8"]
[White "Van Beers, Eddy"]
[Black "Teplitsky, Yan"]
[Result "0-1"]
[WhiteElo "2175"]
[BlackElo "2375"]
[PlyCount "100"]
[GameId "2129405192837500"]
[EventDate "1993.??.??"]
[EventType "tourn"]
[EventRounds "9"]
[EventCountry "BEL"]
[EventCategory "1"]
[SourceTitle "EXT 2002"]
[Source "ChessBase"]
[SourceDate "2001.11.25"]
[SourceVersion "1"]
[SourceVersionDate "2001.11.25"]
[SourceQuality "1"]

1. d4 Nf6 2. c4 e6 3. Nc3 Bb4 4. e3 c5 5. Nge2 d5 6. a3 Bxc3+ 7. Nxc3 cxd4 8. exd4 dxc4 9. Bxc4 Nc6 10. Be3 O-O 11. O-O b6 12. Qd3 Bb7 13. Rad1 h6 14. Ba2 Ne7 15. Bf4 Ng6 16. Bg3 Nd5 17. Bb1 f5 18. Ne2 Qg5 19. f4 Qf6 20. Rc1 Rfd8 21. Ba2 Rd7 22. Be1 Rad8 23. g3 Nge7 24. Bd2 Qg6 25. a4 Qg4 26. Rf2 Qh3 27. Re1 Kh7 28. Nc1 Nf6 29. Bc3 Ne4 30. Rc2 Nd5 31. Qf1 Qg4 32. Nd3 Ba6 33. Bxd5 Rxd5 34. Re3 Qh5 35. Qa1 Bxd3 36. Rxd3 Nc5 37. Re3 Nb3 38. Qf1 Nxd4 39. Bxd4 Rxd4 40. Qe2 Qh3 41. Qf1 Rd1 42. Re1 Qh5 43. Rce2 R8d2 44. Rxd1 Rxe2 45. h3 Rxb2 46. Rd7 Rb3 47. Kg2 Qe8 48. Qd1 Qa8+ 49. Kf2 Rb2+ 50. Rd2 Qd5 0-1

[Event "Kfar Sava-B"]
[Site "Kfar Sava ISR"]
[Date "1993.??.??"]
[Round "?"]
[White "Teplitsky, Yan"]
[Black "Moldovan, Daniel"]
[Result "0-1"]
[WhiteElo "2375"]
[BlackElo "2435"]
[PlyCount "76"]
[GameId "2129405194143735"]
[EventDate "1993.??.??"]
[EventType "tourn"]
[EventRounds "11"]
[EventCountry "ISR"]
[SourceTitle "EXT 2000"]
[Source "ChessBase"]
[SourceDate "1999.11.18"]
[SourceVersion "1"]
[SourceVersionDate "1999.11.18"]
[SourceQuality "1"]

1. Nf3 g6 2. d4 Bg7 3. e4 d6 4. Be2 Nf6 5. Nbd2 O-O 6. O-O Nbd7 7. c3 e5 8. dxe5 dxe5 9. b4 Nh5 10. g3 Re8 11. Qc2 Nf8 12. Nc4 h6 13. Rd1 Bd7 14. a4 Qc8 15. b5 Bh3 16. Kh1 Nd7 17. a5 Nhf6 18. Ne1 Be6 19. f3 h5 20. Be3 b6 21. Ra4 Bf8 22. Nd3 Bxc4 23. Rxc4 bxa5 24. Rc6 Qb7 25. Nb2 Kg7 26. Ra1 a6 27. Rxa6 Bc5 28. Bxc5 Nxc5 29. Rc6 Nfd7 30. Bc4 a4 31. Ra3 Ra5 32. Qf2 Rxb5 33. Bxb5 Qxb5 34. Rxc7 Rb8 35. Nd1 Qb6 36. Rxd7 Nxd7 37. Rxa4 Qb1 38. Qd2 Qb5 0-1

[Event "Kfar Sava-B"]
[Site "Kfar Sava"]
[Date "1993.??.??"]
[Round "?"]
[White "Kosashvili, Yona"]
[Black "Teplitsky, Yan"]
[Result "1-0"]
[WhiteElo "2490"]
[BlackElo "2375"]
[PlyCount "60"]
[GameId "1166637767524352"]
[EventDate "1993.??.??"]
[EventType "tourn"]
[EventRounds "11"]
[EventCountry "ISR"]
[SourceTitle "EXT 2000"]
[Source "ChessBase"]
[SourceDate "1999.11.18"]
[SourceVersion "1"]
[SourceVersionDate "1999.11.18"]
[SourceQuality "1"]

1. e4 c5 2. Nf3 d6 3. d4 cxd4 4. Nxd4 Nf6 5. Nc3 Nc6 6. f4 e6 7. Nf3 Qc7 8. Bd3 a6 9. O-O b5 10. a3 Be7 11. Qe1 Bb7 12. e5 dxe5 13. fxe5 Ng4 14. Qg3 Ncxe5 15. Nxe5 Nxe5 16. Kh1 O-O-O 17. Bf4 Bd6 18. Be4 f6 19. Bxb7+ Qxb7 20. Qh3 Rhe8 21. Rae1 g5 22. Bg3 g4 23. Qh5 Ng6 24. Bxd6 Rxd6 25. Rxf6 Rd2 26. Qxg4 Rxc2 27. Rfxe6 Rxe6 28. Qxe6+ Kb8 29. Qd6+ Ka8 30. Re8+ Ka7 1-0

[Event "Kfar Sava-B"]
[Site "Kfar Sava"]
[Date "1993.??.??"]
[Round "?"]
[White "Teplitsky, Yan"]
[Black "Touzane, Olivier"]
[Result "1-0"]
[WhiteElo "2375"]
[BlackElo "2200"]
[PlyCount "67"]
[GameId "1166637767561216"]
[EventDate "1993.??.??"]
[EventType "tourn"]
[EventRounds "11"]
[EventCountry "ISR"]
[SourceTitle "EXT 2000"]
[Source "ChessBase"]
[SourceDate "1999.11.18"]
[SourceVersion "1"]
[SourceVersionDate "1999.11.18"]
[SourceQuality "1"]

1. Nf3 Nf6 2. c4 g6 3. Nc3 Bg7 4. e4 d6 5. d4 O-O 6. Be2 e5 7. d5 Na6 8. O-O Nh5 9. g3 f5 10. exf5 Bxf5 11. Be3 c6 12. Qd2 Qe7 13. Rad1 Rfd8 14. Rfe1 Nb4 15. Nh4 Nf6 16. a3 cxd5 17. axb4 d4 18. Nxf5 gxf5 19. Bxd4 exd4 20. Qxd4 Kh8 21. Qf4 Qe5 22. Qf3 Rf8 23. Bd3 Ne4 24. Bxe4 fxe4 25. Qxe4 Rac8 26. Qxe5 Bxe5 27. Re4 Bxc3 28. bxc3 Rf3 29. Rxd6 Rxc3 30. Rd7 b6 31. Ree7 R3xc4 32. Rxh7+ Kg8 33. Rdg7+ Kf8 34. Rxa7 1-0

[Event "Kfar Sava-B"]
[Site "Kfar Sava"]
[Date "1993.??.??"]
[Round "?"]
[White "Vydeslaver, Alik"]
[Black "Teplitsky, Yan"]
[Result "0-1"]
[WhiteElo "2285"]
[BlackElo "2375"]
[PlyCount "70"]
[GameId "1166637767573504"]
[EventDate "1993.??.??"]
[EventType "tourn"]
[EventRounds "11"]
[EventCountry "ISR"]
[SourceTitle "EXT 2000"]
[Source "ChessBase"]
[SourceDate "1999.11.18"]
[SourceVersion "1"]
[SourceVersionDate "1999.11.18"]
[SourceQuality "1"]

1. e4 c5 2. Nf3 d6 3. d4 cxd4 4. Nxd4 Nf6 5. Nc3 Nc6 6. Bg5 e6 7. Bb5 Bd7 8. Bxc6 bxc6 9. Qf3 Qb6 10. O-O-O Rb8 11. Nb3 c5 12. Qd3 a5 13. e5 Ng4 14. exd6 Nxf2 15. Qe2 Nxd1 16. Nd5 Qxd6 17. Rxd1 Rc8 18. Nxa5 Qb8 19. Qa6 f6 20. Bf4 e5 21. Nb6 Rc7 22. Nxd7 Rxd7 23. Qe6+ Re7 24. Qc6+ Kf7 25. Qd5+ Re6 26. Nc6 Qd6 27. Nd8+ Ke7 28. Qxd6+ Rxd6 29. Rxd6 Kxd6 30. Nf7+ Ke6 31. Nxh8 exf4 32. a4 c4 33. a5 g5 34. a6 Bc5 35. Kd2 g4 0-1

[Event "Ramat Hasharon"]
[Site "Ramat Hasharon"]
[Date "1993.??.??"]
[Round "1"]
[White "Zifroni, Dov"]
[Black "Teplitsky, Yan"]
[Result "1/2-1/2"]
[WhiteElo "2395"]
[BlackElo "2375"]
[PlyCount "94"]
[GameId "1166637851566080"]
[EventDate "1993.??.??"]
[EventType "tourn"]
[EventRounds "9"]
[EventCountry "ISR"]
[SourceTitle "EXT 1998"]
[Source "ChessBase"]
[SourceDate "1997.11.17"]
[SourceVersion "1"]
[SourceVersionDate "1997.11.17"]
[SourceQuality "1"]

1. e4 c5 2. c3 d5 3. exd5 Qxd5 4. d4 Nf6 5. Nf3 Bg4 6. Be2 e6 7. h3 Bh5 8. Na3 Nc6 9. Be3 cxd4 10. Nb5 O-O-O 11. Nbxd4 Nxd4 12. Qxd4 Qxd4 13. Bxd4 Bxf3 14. Bxf3 Kb8 15. O-O Bd6 16. Rfe1 Rhe8 17. Rad1 Bc7 18. c4 Re7 19. Bc3 Rxd1 20. Bxd1 e5 21. Bc2 g6 22. Kf1 Ne8 23. Bb4 Re6 24. Bb3 a5 25. Bc3 Re7 26. c5 Ng7 27. Bd5 Ne6 28. Bxe5 Nxc5 29. Bf6 Rxe1+ 30. Kxe1 Ne6 31. g3 Bd6 32. Ke2 Kc7 33. f4 b6 34. Kd3 Bc5 35. Ke4 Bd6 36. f5 Nc5+ 37. Kf3 gxf5 38. Bxf7 Ne4 39. Bh4 Be5 40. b3 b5 41. Be6 Nc3 42. Bxf5 Nxa2 43. Bxh7 a4 44. bxa4 bxa4 45. Ke4 Kd6 46. Be7+ Kxe7 47. Kxe5 Nc3 1/2-1/2

[Event "Ramat Hasharon"]
[Site "Ramat Hasharon"]
[Date "1993.??.??"]
[Round "3"]
[White "Shabtai, Ran"]
[Black "Teplitsky, Yan"]
[Result "1/2-1/2"]
[WhiteElo "2370"]
[BlackElo "2375"]
[PlyCount "42"]
[GameId "1166637851607040"]
[EventDate "1993.??.??"]
[EventType "tourn"]
[EventRounds "9"]
[EventCountry "ISR"]
[SourceTitle "EXT 1998"]
[Source "ChessBase"]
[SourceDate "1997.11.17"]
[SourceVersion "1"]
[SourceVersionDate "1997.11.17"]
[SourceQuality "1"]

1. d4 g6 2. e4 Bg7 3. Nc3 c6 4. Bc4 d5 5. exd5 b5 6. Bb3 b4 7. Nce2 cxd5 8. Nf3 Nf6 9. O-O O-O 10. Bd2 Qb6 11. a3 bxa3 12. Rxa3 Nc6 13. Ba4 Ba6 14. Rb3 Bxe2 15. Rxb6 Bxd1 16. Rxc6 Bxf3 17. gxf3 Nd7 18. c3 e5 19. Be3 exd4 20. Bxd4 Bxd4 21. cxd4 Nb6 1/2-1/2

[Event "Ramat Hasharon"]
[Site "Ramat Hasharon"]
[Date "1993.??.??"]
[Round "4"]
[White "Teplitsky, Yan"]
[Black "Slutzky, Leonid"]
[Result "1/2-1/2"]
[WhiteElo "2375"]
[BlackElo "2230"]
[PlyCount "85"]
[GameId "1166637851623424"]
[EventDate "1993.??.??"]
[EventType "tourn"]
[EventRounds "9"]
[EventCountry "ISR"]
[SourceTitle "EXT 1998"]
[Source "ChessBase"]
[SourceDate "1997.11.17"]
[SourceVersion "1"]
[SourceVersionDate "1997.11.17"]
[SourceQuality "1"]

1. Nf3 Nf6 2. c4 g6 3. Nc3 Bg7 4. e4 d6 5. d4 O-O 6. Be2 e5 7. d5 a5 8. Bg5 h6 9. Bh4 Na6 10. Nd2 Bd7 11. O-O Nc5 12. Nb3 Na4 13. Nxa4 Bxa4 14. Qd3 Qe8 15. Nd2 Nd7 16. a3 Nc5 17. Qc3 Bd7 18. b4 Nxe4 19. Nxe4 f5 20. bxa5 fxe4 21. Rab1 Ra7 22. c5 g5 23. Bg3 Bf5 24. cxd6 cxd6 25. Rb6 Qa4 26. a6 bxa6 27. Rxd6 Qd4 28. Rc6 Bd7 29. Rd1 Qxc3 30. Rxc3 Ba4 31. Rd2 Rb8 32. h3 Rb3 33. Rxb3 Bxb3 34. Bg4 Kf7 35. Bf5 a5 36. Bxe4 Rd7 37. Bf3 Ke7 38. h4 Kd6 39. Be4 Rc7 40. Rd3 Bc2 41. Re3 Bxe4 42. Rxe4 Kxd5 43. Ra4 1/2-1/2